00441nam a2200145Ia 4500008004100000041000800041082001200049100001900061245002800080260002500108300002400133365000700157999001700164952011400181240624s9999 xx 000 0 und d aeng a920 NAR aFARIMAN FALI S aBEFORE THE MEMORY FADES aAustraliabHay House a459 : p. : cm. ; 24 cRS c21071d21071 00104070aIMTNbIMTNcRack 42-Bd2013-03-26g467.00o920 NARp21071r2024-06-24 00:00:00t1w2024-06-24yBK